01178nam a2200241Ia 4500001000900000003001000009008004100019040002500060041001300085100002100098245004000119250001100159260003300170300001100203500017700214501011400391520017700505650004300682942000700725957000600732999004000738952015800778L020-214IT-CnALBA170116s9999||||xx |||||||||||||| ||und|| aIT-CnALBAcIT-CnALBA aITALIANO aJANNETTA ANTONIO 0aLA BIBLIOTECA PER I RAGAZZI D'OGGI  a1a ed. aTORINObSAIE EDITRICE cn.d. a54 p.  aSAGGIO CARTELLINI PER SCHEDARIO. SUGGERIMENTI PER LA LETTURA DI UN LIBRO. MODO PRATICO PER USARE LA BIBLIOTECA SAIE PER RAGAZZI. SAGGIO DI RICERCA. TEMI SVOLTI DA RAGAZZI.  aSocietà San Paolo EM - Piazza San Paolo, 14 - 12051 ALBA (CN) (non commercial uses only) ® Copyright 2017 aSAGGIO CARTELLINI PER SCHEDARIO. SUGGERIMENTI PER LA LETTURA DI UN LIBRO. MODO PRATICO PER USARE LA BIBLIOTECA SAIE PER RAGAZZI. SAGGIO DI RICERCA. TEMI SVOLTI DA RAGAZZI.  aBIBLIOTECONOMIA E TECNICHE DELLA COMUN cBK 71 a313bNOg Copie: 1 c259450d259450 0010406L_02021471aALBAbALBAd2017-01-16l0oL020-214r2017-01-16 00:00:00w2017-01-16yBKz(data import: 16 gennaio 2017) - By Epidotti, Vaglietti.